| 000 | 00807nam a2200241 a 4500 | ||
|---|---|---|---|
| 005 | 20090905155845.0 | ||
| 008 | 060731s1999 nyua b 000 0 eng d | ||
| 010 | _aB-357039 | ||
| 020 | _c150.00 | ||
| 035 | _aB-357039 | ||
| 037 | _bDBAD / PUB | ||
| 040 |
_adpl _bEnglish |
||
| 082 | _aS | ||
| 100 | _aTiwari, Reema | ||
| 245 |
_aMahamatya Chanakya / _cby Reema Tiwari; illustrated by Shankar Nayak |
||
| 260 |
_aNOIDA _bAcumen Publications _c2008 |
||
| 270 |
_aG-10, Second Floor, Ssector-22, _bNOIDA _eUP |
||
| 300 |
_a104p.: _c22cm(Hb) _bill |
||
| 650 | _2Tales | ||
| 700 | _aNayak, Shankar | ||
| 942 |
_2ddc _cCH _mTIW _hS |
||
| 999 |
_c30089 _d30089 |
||